000 00821nam a22002537a 4500
001 43604
003 UA-OsUOA
005 20220128220252.0
007 ta
008 20090922b un ||||| |||| 00| 0 ukr d
040 _aUA-OsUOA
_bukr
_cUA-OsUOA
_dUA-OsUOA
041 _aukr
080 _a82
090 _a82
_bК56
100 _aКовалів Ю.
245 _aАбетка дисертанта: методологічні принципи написання дисертації
_bпосібник
260 _aК.
_bТвім інтер
_c2009
300 _a460 с.
650 7 _a82 Література. Літературознавство
_2UDC
942 _cBK
_2udc
955 _a4
999 _c442077
_d442077